000 00510nam a22001817a 4500
005 20251108171942.0
008 250721s2002 xx 000 0 ara d
082 1 4 _a371.912/صفد
100 1 _aالصفدي، عصام حمدي
245 1 0 _aالإعاقة السمعية /
264 1 _aعمان :
_bدار اليازوري للنشر،
_c2002.
300 _a304ص.
650 1 7 _aالتربية الخاصة
650 1 7 _aالمعوقون
650 1 7 _aالصم
942 _2ddc
_cBK
999 _c66754
_d66754